A text book on monetary economics / (Record no. 40977)

MARC details
000 -LEADER
fixed length control field 00782nam a22002297a 4500
005 - DATE AND TIME OF LATEST TRANSACTION
control field 20100811133741.0
010 ## - LCCN (DPL NO)
LC control number ENG-99700
020 ## - INTERNATIONAL STANDARD BOOK NUMBER
International Standard Book Number 9788190804172
Terms of availability 90.00
035 ## - SYSTEM CONTROL NUMBER
System control number EN-83232
037 ## - SOURCE OF ACQUISITION
Source of stock number/acquisition DBAD/PUB
082 ## - DEWEY DECIMAL CLASSIFICATION NUMBER
Classification number 332.4
100 ## - MAIN ENTRY--PERSONAL NAME
Personal name Raveena, E.B. Mary
245 ## - TITLE STATEMENT
Title A text book on monetary economics /
Statement of responsibility, etc by E.B.Mary Raveena
260 ## - PUBLICATION, DISTRIBUTION, ETC. (IMPRINT)
Place of publication, distribution, etc Chennai
Name of publisher, distributor, etc Valarpirai Publisher
Date of publication, distribution, etc 2007
270 ## - ADDRESS
Address 17, Salai Vinayagar Koil Street
City Chennai
Postal code 600001
300 1# - PHYSICAL DESCRIPTION
Extent 160p.
Dimensions 21cm (pbk)
650 ## - SUBJECT ADDED ENTRY--TOPICAL TERM
Topical term or geographic name as entry element Monetary policy
650 ## - SUBJECT ADDED ENTRY--TOPICAL TERM
Topical term or geographic name as entry element Money
650 ## - SUBJECT ADDED ENTRY--TOPICAL TERM
Topical term or geographic name as entry element Fiscal
942 ## - ADDED ENTRY ELEMENTS (KOHA)
Source of classification or shelving scheme Dewey Decimal Classification
Item type English Books
Classification part 332.4
Call number suffix RAV
Holdings
Withdrawn status Lost status Not for loan Collection code Home library Current library Date acquired Source of acquisition Cost, normal purchase price Full call number Barcode Copy number Cost, replacement price Koha item type
    Not For Loan Non-fiction D.B.Act.Division D.B.Act.Division 11/08/2010 DBAD/PUB 90.00 332.4 RAV EN-83232 1 90.00 English Books

© Delhi Public Library
Hit Counter
free hit counter